<?xml version="1.0" encoding="UTF-8"?>
<record
    xmlns:xsi="http://www.w3.org/2001/XMLSchema-instance"
    xsi:schemaLocation="http://www.loc.gov/MARC21/slim http://www.loc.gov/standards/marcxml/schema/MARC21slim.xsd"
    xmlns="http://www.loc.gov/MARC21/slim">

  <leader>00556nam a22001577a 4500</leader>
  <controlfield tag="005">20251120124855.0</controlfield>
  <datafield tag="010" ind1=" " ind2=" ">
    <subfield code="a">ENG-144998</subfield>
  </datafield>
  <datafield tag="020" ind1=" " ind2=" ">
    <subfield code="a">9788184870855</subfield>
    <subfield code="c">854.00</subfield>
  </datafield>
  <datafield tag="037" ind1=" " ind2=" ">
    <subfield code="a">DBAD/PUB</subfield>
  </datafield>
  <datafield tag="245" ind1=" " ind2=" ">
    <subfield code="a">Cycles, motives and shimura varieties :</subfield>
    <subfield code="c">edited by V.Srinivas</subfield>
    <subfield code="b">Proceedings of the international colloquium on /</subfield>
  </datafield>
  <datafield tag="260" ind1=" " ind2=" ">
    <subfield code="a">New Delhi</subfield>
    <subfield code="b">N.K. Mehra for Narosa Publishing House Pvt. Ltd.</subfield>
    <subfield code="c">2010</subfield>
  </datafield>
  <datafield tag="270" ind1=" " ind2=" ">
    <subfield code="a">22 Delhi Medical Association Road,Daryaganj,New Delhi-110002</subfield>
  </datafield>
  <datafield tag="300" ind1=" " ind2=" ">
    <subfield code="a">530p.</subfield>
    <subfield code="c">22cm.(hb)</subfield>
  </datafield>
  <datafield tag="700" ind1=" " ind2=" ">
    <subfield code="d">Srinivas, V.</subfield>
    <subfield code="9">81486</subfield>
  </datafield>
  <datafield tag="942" ind1=" " ind2=" ">
    <subfield code="2">ddc</subfield>
    <subfield code="c">EN</subfield>
  </datafield>
  <datafield tag="999" ind1=" " ind2=" ">
    <subfield code="c">148025</subfield>
    <subfield code="d">148025</subfield>
  </datafield>
  <datafield tag="952" ind1=" " ind2=" ">
    <subfield code="0">0</subfield>
    <subfield code="1">0</subfield>
    <subfield code="4">0</subfield>
    <subfield code="7">1</subfield>
    <subfield code="8">NFIC</subfield>
    <subfield code="a">DBAD</subfield>
    <subfield code="b">DBAD</subfield>
    <subfield code="d">2017-12-15</subfield>
    <subfield code="e">DBAD/PUB</subfield>
    <subfield code="g">854.00</subfield>
    <subfield code="l">0</subfield>
    <subfield code="r">2017-12-15 00:00:00</subfield>
    <subfield code="t">1</subfield>
    <subfield code="v">854.00</subfield>
    <subfield code="y">EN</subfield>
  </datafield>
  <datafield tag="952" ind1=" " ind2=" ">
    <subfield code="0">0</subfield>
    <subfield code="1">0</subfield>
    <subfield code="4">0</subfield>
    <subfield code="7">0</subfield>
    <subfield code="8">NFIC</subfield>
    <subfield code="a">RC3SP</subfield>
    <subfield code="b">RC3SP</subfield>
    <subfield code="d">2025-05-27</subfield>
    <subfield code="e">DBAD</subfield>
    <subfield code="g">854.00</subfield>
    <subfield code="l">0</subfield>
    <subfield code="o">514.2 CYC</subfield>
    <subfield code="p">EN-128530</subfield>
    <subfield code="r">2025-05-27 00:00:00</subfield>
    <subfield code="t">1</subfield>
    <subfield code="v">854.00</subfield>
    <subfield code="w">2025-05-27</subfield>
    <subfield code="y">EN</subfield>
  </datafield>
</record>
